<?xml version="1.0" encoding="UTF-8"?><?xml-stylesheet type="text/xsl" href="static/style.xsl"?><OAI-PMH xmlns="http://www.openarchives.org/OAI/2.0/" xmlns:xsi="http://www.w3.org/2001/XMLSchema-instance" xsi:schemaLocation="http://www.openarchives.org/OAI/2.0/ http://www.openarchives.org/OAI/2.0/OAI-PMH.xsd"><responseDate>2026-04-17T18:54:35Z</responseDate><request verb="GetRecord" identifier="oai:www.recercat.cat:20.500.12327/4679" metadataPrefix="marc">https://recercat.cat/oai/request</request><GetRecord><record><header><identifier>oai:recercat.cat:20.500.12327/4679</identifier><datestamp>2025-10-22T11:33:55Z</datestamp><setSpec>com_2072_4428</setSpec><setSpec>com_2072_4427</setSpec><setSpec>col_2072_487898</setSpec></header><metadata><record xmlns="http://www.loc.gov/MARC21/slim" xmlns:dcterms="http://purl.org/dc/terms/" xmlns:xsi="http://www.w3.org/2001/XMLSchema-instance" xmlns:doc="http://www.lyncode.com/xoai" xsi:schemaLocation="http://www.loc.gov/MARC21/slim http://www.loc.gov/standards/marcxml/schema/MARC21slim.xsd">
   <leader>00925njm 22002777a 4500</leader>
   <datafield ind2=" " ind1=" " tag="042">
      <subfield code="a">dc</subfield>
   </datafield>
   <datafield ind2=" " ind1=" " tag="720">
      <subfield code="a">Almirall, M.</subfield>
      <subfield code="e">author</subfield>
   </datafield>
   <datafield ind2=" " ind1=" " tag="720">
      <subfield code="a">Esteve-Garcia, Enric</subfield>
      <subfield code="e">author</subfield>
   </datafield>
   <datafield ind2=" " ind1=" " tag="260">
      <subfield code="c">1994-09-01</subfield>
   </datafield>
   <datafield ind2=" " ind1=" " tag="520">
      <subfield code="a">Three-week-old broiler chicks and 1-yr-old Leghorn cocks were&#xd;
used to determine the effect of beta-glucanase addition (experimental product&#xd;
from Trichoderma longibrachiatum) to a 60% barley-based diet on rate of feed&#xd;
passage, transit time, and mean retention time. Fecal chromium oxide content&#xd;
was used to calculate cumulated and noncumulated excretion data. A Hill&#xd;
equation was chosen to test the goodness of fit of cumulative excretion curves.&#xd;
Time of 50% (T50) and 1% (Tl) chromium excretion, calculated from cumulative&#xd;
excretion curves, were affected by beta-glucanase addition, but this effect also was&#xd;
influenced by age or strain. In broiler chicks, T50 (P &lt; .02) and Tl (P &lt; .06)&#xd;
decreased with beta-glucanase addition. In cocks, T50 (P &lt; .04) and Tl (P &lt; .05)&#xd;
increased with beta-glucanase addition. Noncumulative excretion data yielded&#xd;
similar results. In the absence of beta-glucanase, peak chromium excretion occurred 1 h later in broiler chicks than in cocks. These differences in feed passage&#xd;
rate may explain why intestinal viscosity caused by the presence of beta-glucan&#xd;
did not act in the same manner in broiler chicks as in cocks. When beta-glucanase&#xd;
was added, the age-related difference was removed and rates become similar.&#xd;
In broiler chicks, the rate of feed passage is related to feed intake. Thus, this&#xd;
could explain the different effects in terms of feed utilization.</subfield>
   </datafield>
   <datafield ind1="8" ind2=" " tag="024">
      <subfield code="a">Almirall, M., and E. Esteve-Garcia. 1994. “Rate of Passage of Barley Diets With Chromium Oxide: Influence of Age and Poultry Strain and Effect of β-Glucanase Supplementation.” Poultry Science 73 (9): 1433-1440. doi: 10.3382/ps.0731433</subfield>
   </datafield>
   <datafield ind1="8" ind2=" " tag="024">
      <subfield code="a">0032-5791</subfield>
   </datafield>
   <datafield ind1="8" ind2=" " tag="024">
      <subfield code="a">http://hdl.handle.net/20.500.12327/4679</subfield>
   </datafield>
   <datafield ind1="8" ind2=" " tag="024">
      <subfield code="a">https://doi.org/10.3382/ps.0731433</subfield>
   </datafield>
   <datafield ind2="0" ind1="0" tag="245">
      <subfield code="a">Rate of Passage of Barley Diets with Chromium Oxide: Influence of Age and Poultry Strain and Effect of beta-Glucanase Supplementation</subfield>
   </datafield>
</record></metadata></record></GetRecord></OAI-PMH>